Personnes célèbres de Nouvelle-Aquitaine par images - Statistiques

Statistiques générales
  • Ce quiz a été pris 4 840 fois
  • Le résultat moyen est 9 sur 16
Statistiques - réponses
Par images Réponse % Correct
Kendji Girac
90%
François Mitterrand
89%
Patrick Sébastien
89%
Maïté
78%
Alain Juppé
73%
Anne-Sophie Lapix
71%
Henri IV
57%
Aliénor d'Aquitaine
55%
Sophie Davant
53%
Tony Estanguet
52%
Etoiles
45%
Hélène Darroze
45%
Montesquieu
34%
Danielle Darrieux
10%
Rosa Bonheur
8%
Suzanne Valadon
5%
Aucun quiz correspondant
Distribution des résultats
% des personnes avec chaque résultat
Percentile par nombre de réponses
Votre historique - résultats
Vous n’avez pas pris ce quiz